| 000 | 01057nam a2200265Ia 4500 | ||
|---|---|---|---|
| 003 | OSt | ||
| 005 | 20220930073413.0 | ||
| 006 | a|||||r|||| 00| 0 | ||
| 007 | ta | ||
| 008 | 220926b |||||||| |||| 00| 0 eng d | ||
| 024 | _a31259 | ||
| 037 | _cTheses | ||
| 040 |
_aCRL _cCRL _beng |
||
| 041 |
_2eng _aeng |
||
| 100 |
_aKothamasi David Manohar _9531507 |
||
| 110 |
_aUniversity of Delhi. Faculty of Inter-disciplinary and applied sciences. Department of Microbiology _9522371 |
||
| 245 | 0 | _aArbuscular mycorrhizal diversity and plant community patterns in the insular tropical rainforest ecosystems of great nicobar biophere reserve | |
| 260 | _c2000 | ||
| 650 | _aMICROBIOLOGY | ||
| 700 |
_a Dr. Ramesh Chander Kuhad Supervisor _9531508 |
||
| 700 | _a Prof. C.R. Babu Supervisor | ||
| 700 |
_aUniversity of Delhi. Faculty of Inter-disciplinary and applied sciences. Department of Microbiology _9522372 |
||
| 942 |
_cDIS _2CC |
||
| 999 |
_c864986 _d864986 |
||